000 00714nam a2200229Ia 4500
003 IN-BaIIA
008 211028s9999 xx 000 0 eng d
020 _a0-07-004997-1
040 _cIIA Library
080 _a(035)621
_bAVA
245 0 _aMark's standard handbook for mechanical engineers
_cedited by E. A. Avalone and T. Baumeister III
250 _a10th ed.
260 _aNew York
_bMcGraw-Hill
_c1996
300 _axxiv,19-44p.
650 _aHeat
_92417
650 _aInstruments
_92005
650 _aMathematical Tables
_92448
650 _aMeasuring Units
_927661
700 _aAvalone, E. A., ed.
_927662
700 _aBaumeister III, T., ed.
_927663
942 _cBK
999 _c15131
_d15131